Statystyki dla Przyłącz losowy punkt lądowy do państwa europejskie

Kliknij tutaj aby rozwiązać quiz!

Ogólne statystyki

  • Ten quiz został rozwiązany 14 492 razy
  • Średni wynik to 12 z 15

Odpowiedzi na mapie

Odpowiedzi skodowane kolorowo w zielono-czerwonej skali na mapie do tego quizu, zgodnie z poniższymi procentami.
 

Statystyki odpowiedzi

Państwo% Poprawnych
Dania
100%
Dania
100%
Dania
100%
Finlandia
100%
Finlandia
100%
Finlandia
100%
Finlandia
100%
Finlandia
100%
Finlandia
100%
Finlandia
100%
Finlandia
100%
Finlandia
100%
Finlandia
100%
Francja
100%
Francja
100%
Francja
100%
Francja
100%
Francja
100%
Francja
100%
Francja
100%
Francja
100%
Hiszpania
100%
Hiszpania
100%
Hiszpania
100%
Hiszpania
100%
Hiszpania
100%
Hiszpania
100%
Islandia
100%
Islandia
100%
Niemcy
100%
Niemcy
100%
Niemcy
100%
Niemcy
100%
Niemcy
100%
Niemcy
100%
Niemcy
100%
Niemcy
100%
Niemcy
100%
Niemcy
100%
Niemcy
100%
Niemcy
100%
Norwegia
100%
Norwegia
100%
Norwegia
100%
Norwegia
100%
Norwegia
100%
Norwegia
100%
Norwegia
100%
Norwegia
100%
Norwegia
100%
Norwegia
100%
Norwegia
100%
Norwegia
100%
Norwegia
100%
Norwegia
100%
Norwegia
100%
Norwegia
100%
Norwegia
100%
Norwegia
100%
Norwegia
100%
Norwegia
100%
Norwegia
100%
Norwegia
100%
Norwegia
100%
Polska
100%
Polska
100%
Polska
100%
Polska
100%
Polska
100%
Polska
100%
Polska
100%
Polska
100%
Polska
100%
Polska
100%
Polska
100%
Polska
100%
Polska
100%
Polska
100%
Polska
100%
Polska
100%
Polska
100%
Polska
100%
Polska
100%
Polska
100%
Polska
100%
Polska
100%
Polska
100%
Polska
100%
Polska
100%
Polska
100%
Portugalia
100%
Rosja
100%
Rosja
100%
Rosja
100%
Rosja
100%
Rosja
100%
Rosja
100%
Rosja
100%
Rosja
100%
Rosja
100%
Rosja
100%
Rosja
100%
Rosja
100%
Rosja
100%
Rosja
100%
Rosja
100%
Rosja
100%
Rosja
100%
Rosja
100%
Rosja
100%
Rosja
100%
Rosja
100%
Rosja
100%
Rosja
100%
Rosja
100%
Rosja
100%
Rosja
100%
Rosja
100%
Rosja
100%
Rosja
100%
Rosja
100%
Rosja
100%
Rosja
100%
Rosja
100%
Rosja
100%
Rosja
100%
Rosja
100%
Szwecja
100%
Szwecja
100%
Szwecja
100%
Szwecja
100%
Szwecja
100%
Szwecja
100%
Szwecja
100%
Szwecja
100%
Szwecja
100%
Szwecja
100%
Szwecja
100%
Szwecja
100%
Szwecja
100%
Szwecja
100%
Szwecja
100%
Szwecja
100%
Szwecja
100%
Szwecja
100%
Szwecja
100%
Szwecja
100%
Szwecja
100%
Szwecja
100%
Szwecja
100%
Szwecja
100%
Ukraina
100%
Ukraina
100%
Wielka Brytania
100%
Wielka Brytania
100%
Wielka Brytania
100%
Wielka Brytania
100%
Wielka Brytania
100%
Włochy
100%
Włochy
100%
Czechy
97%
Dania
97%
Finlandia
97%
Finlandia
97%
Francja
97%
Francja
97%
Francja
97%
Hiszpania
97%
Hiszpania
97%
Hiszpania
97%
Hiszpania
97%
Irlandia
97%
Irlandia
97%
Islandia
97%
Niemcy
97%
Norwegia
97%
Norwegia
97%
Norwegia
97%
Norwegia
97%
Norwegia
97%
Norwegia
97%
Norwegia
97%
Norwegia
97%
Norwegia
97%
Norwegia
97%
Polska
97%
Polska
97%
Polska
97%
Polska
97%
Polska
97%
Polska
97%
Polska
97%
Polska
97%
Polska
97%
Polska
97%
Polska
97%
Polska
97%
Polska
97%
Polska
97%
Rosja
97%
Rosja
97%
Rosja
97%
Rosja
97%
Rosja
97%
Rosja
97%
Rosja
97%
Rosja
97%
Rosja
97%
Rosja
97%
Rosja
97%
Rosja
97%
Rosja
97%
Rosja
97%
Rosja
97%
Rosja
97%
Rosja
97%
Rosja
97%
Rosja
97%
Rosja
97%
Rosja
97%
Rosja
97%
Słowacja
97%
Szwecja
97%
Szwecja
97%
Szwecja
97%
Szwecja
97%
Szwecja
97%
Szwecja
97%
Szwecja
97%
Szwecja
97%
Szwecja
97%
Szwecja
97%
Szwecja
97%
Szwecja
97%
Szwecja
97%
Szwecja
97%
Szwecja
97%
Szwecja
97%
Szwecja
97%
Szwecja
97%
Wielka Brytania
97%
Włochy
97%
Włochy
97%
Belgia
96%
Czechy
96%
Dania
96%
Dania
96%
Finlandia
96%
Finlandia
96%
Finlandia
96%
Finlandia
96%
Finlandia
96%
Finlandia
96%
Finlandia
96%
Finlandia
96%
Finlandia
96%
Francja
96%
Francja
96%
Francja
96%
Francja
96%
Francja
96%
Francja
96%
Francja
96%
Francja
96%
Francja
96%
Francja
96%
Francja
96%
Francja
96%
Francja
96%
Francja
96%
Francja
96%
Francja
96%
Francja
96%
Francja
96%
Francja
96%
Francja
96%
Grecja
96%
Hiszpania
96%
Hiszpania
96%
Hiszpania
96%
Hiszpania
96%
Hiszpania
96%
Hiszpania
96%
Hiszpania
96%
Hiszpania
96%
Hiszpania
96%
Hiszpania
96%
Irlandia
96%
Irlandia
96%
Islandia
96%
Islandia
96%
Islandia
96%
Islandia
96%
Niemcy
96%
Niemcy
96%
Niemcy
96%
Niemcy
96%
Niemcy
96%
Niemcy
96%
Niemcy
96%
Norwegia
96%
Norwegia
96%
Norwegia
96%
Norwegia
96%
Norwegia
96%
Norwegia
96%
Norwegia
96%
Norwegia
96%
Norwegia
96%
Norwegia
96%
Norwegia
96%
Norwegia
96%
Norwegia
96%
Norwegia
96%
Norwegia
96%
Norwegia
96%
Norwegia
96%
Polska
96%
Polska
96%
Polska
96%
Polska
96%
Polska
96%
Polska
96%
Polska
96%
Polska
96%
Polska
96%
Polska
96%
Polska
96%
Polska
96%
Portugalia
96%
Portugalia
96%
Rosja
96%
Rosja
96%
Rosja
96%
Rosja
96%
Rosja
96%
Rosja
96%
Rosja
96%
Rosja
96%
Rosja
96%
Rosja
96%
Rosja
96%
Rosja
96%
Rosja
96%
Rosja
96%
Rosja
96%
Rosja
96%
Rosja
96%
Rosja
96%
Rosja
96%
Rosja
96%
Rosja
96%
Rosja
96%
Rosja
96%
Rosja
96%
Rosja
96%
Rosja
96%
Rosja
96%
Rosja
96%
Rosja
96%
Rosja
96%
Rosja
96%
Rosja
96%
Rosja
96%
Rosja
96%
Rosja
96%
Rosja
96%
Rosja
96%
Rosja
96%
Rosja
96%
Rosja
96%
Rosja
96%
Rosja
96%
Szwecja
96%
Szwecja
96%
Szwecja
96%
Szwecja
96%
Szwecja
96%
Szwecja
96%
Szwecja
96%
Szwecja
96%
Szwecja
96%
Szwecja
96%
Szwecja
96%
Szwecja
96%
Szwecja
96%
Szwecja
96%
Szwecja
96%
Szwecja
96%
Szwecja
96%
Szwecja
96%
Szwecja
96%
Szwecja
96%
Szwecja
96%
Szwecja
96%
Szwecja
96%
Szwecja
96%
Szwecja
96%
Szwecja
96%
Szwecja
96%
Szwecja
96%
Szwecja
96%
Szwecja
96%
Ukraina
96%
Ukraina
96%
Ukraina
96%
Ukraina
96%
Wielka Brytania
96%
Wielka Brytania
96%
Wielka Brytania
96%
Wielka Brytania
96%
Wielka Brytania
96%
Wielka Brytania
96%
Wielka Brytania
96%
Wielka Brytania
96%
Wielka Brytania
96%
Włochy
96%
Włochy
96%
Włochy
96%
Włochy
96%
Czechy
95%
Estonia
95%
Finlandia
95%
Finlandia
95%
Finlandia
95%
Finlandia
95%
Finlandia
95%
Finlandia
95%
Francja
95%
Francja
95%
Francja
95%
Francja
95%
Francja
95%
Francja
95%
Francja
95%
Francja
95%
Francja
95%
Francja
95%
Francja
95%
Francja
95%
Francja
95%
Francja
95%
Francja
95%
Francja
95%
Francja
95%
Francja
95%
Grecja
95%
Grecja
95%
Hiszpania
95%
Hiszpania
95%
Hiszpania
95%
Hiszpania
95%
Hiszpania
95%
Hiszpania
95%
Hiszpania
95%
Hiszpania
95%
Hiszpania
95%
Hiszpania
95%
Holandia
95%
Irlandia
95%
Irlandia
95%
Islandia
95%
Islandia
95%
Islandia
95%
Litwa
95%
Niemcy
95%
Niemcy
95%
Niemcy
95%
Niemcy
95%
Niemcy
95%
Niemcy
95%
Niemcy
95%
Niemcy
95%
Niemcy
95%
Niemcy
95%
Norwegia
95%
Norwegia
95%
Norwegia
95%
Norwegia
95%
Norwegia
95%
Norwegia
95%
Norwegia
95%
Norwegia
95%
Norwegia
95%
Norwegia
95%
Polska
95%
Polska
95%
Polska
95%
Polska
95%
Polska
95%
Polska
95%
Polska
95%
Rosja
95%
Rosja
95%
Rosja
95%
Rosja
95%
Rosja
95%
Rosja
95%
Rosja
95%
Rosja
95%
Rosja
95%
Rosja
95%
Rosja
95%
Rosja
95%
Rosja
95%
Rosja
95%
Rosja
95%
Rosja
95%
Rosja
95%
Rosja
95%
Rosja
95%
Rosja
95%
Rosja
95%
Rosja
95%
Rosja
95%
Rosja
95%
Rosja
95%
Rosja
95%
Rosja
95%
Rosja
95%
Rosja
95%
Rosja
95%
Rosja
95%
Rosja
95%
Szwecja
95%
Szwecja
95%
Szwecja
95%
Szwecja
95%
Szwecja
95%
Szwecja
95%
Szwecja
95%
Szwecja
95%
Wielka Brytania
95%
Wielka Brytania
95%
Wielka Brytania
95%
Wielka Brytania
95%
Wielka Brytania
95%
Wielka Brytania
95%
Wielka Brytania
95%
Wielka Brytania
95%
Włochy
95%
Włochy
95%
Włochy
95%
Białoruś
94%
Białoruś
94%
Białoruś
94%
Czechy
94%
Dania
94%
Finlandia
94%
Finlandia
94%
Finlandia
94%
Finlandia
94%
Finlandia
94%
Finlandia
94%
Finlandia
94%
Finlandia
94%
Francja
94%
Francja
94%
Francja
94%
Francja
94%
Francja
94%
Francja
94%
Francja
94%
Francja
94%
Grecja
94%
Hiszpania
94%
Hiszpania
94%
Hiszpania
94%
Islandia
94%
Islandia
94%
Islandia
94%
Niemcy
94%
Niemcy
94%
Niemcy
94%
Niemcy
94%
Niemcy
94%
Niemcy
94%
Niemcy
94%
Niemcy
94%
Niemcy
94%
Norwegia
94%
Norwegia
94%
Norwegia
94%
Norwegia
94%
Norwegia
94%
Norwegia
94%
Norwegia
94%
Norwegia
94%
Norwegia
94%
Norwegia
94%
Norwegia
94%
Norwegia
94%
Norwegia
94%
Norwegia
94%
Norwegia
94%
Norwegia
94%
Norwegia
94%
Polska
94%
Polska
94%
Polska
94%
Polska
94%
Polska
94%
Polska
94%
Polska
94%
Polska
94%
Rosja
94%
Rosja
94%
Rosja
94%
Rosja
94%
Rosja
94%
Rosja
94%
Rosja
94%
Rosja
94%
Rosja
94%
Rosja
94%
Rosja
94%
Rosja
94%
Rosja
94%
Rosja
94%
Rosja
94%
Rosja
94%
Rosja
94%
Rosja
94%
Rosja
94%
Rosja
94%
Rosja
94%
Rosja
94%
Rosja
94%
Rosja
94%
Rosja
94%
Rosja
94%
Rosja
94%
Rosja
94%
Rosja
94%
Rosja
94%
Rosja
94%
Rosja
94%
Szwecja
94%
Szwecja
94%
Szwecja
94%
Szwecja
94%
Szwecja
94%
Szwecja
94%
Szwecja
94%
Szwecja
94%
Szwecja
94%
Szwecja
94%
Szwecja
94%
Szwecja
94%
Szwecja
94%
Szwecja
94%
Ukraina
94%
Ukraina
94%
Wielka Brytania
94%
Wielka Brytania
94%
Wielka Brytania
94%
Wielka Brytania
94%
Włochy
94%
Białoruś
93%
Dania
93%
Dania
93%
Finlandia
93%
Finlandia
93%
Finlandia
93%
Finlandia
93%
Finlandia
93%
Finlandia
93%
Finlandia
93%
Finlandia
93%
Finlandia
93%
Finlandia
93%
Francja
93%
Francja
93%
Francja
93%
Francja
93%
Francja
93%
Francja
93%
Francja
93%
Francja
93%
Grecja
93%
Grecja
93%
Hiszpania
93%
Hiszpania
93%
Hiszpania
93%
Hiszpania
93%
Hiszpania
93%
Hiszpania
93%
Hiszpania
93%
Hiszpania
93%
Irlandia
93%
Irlandia
93%
Irlandia
93%
Islandia
93%
Islandia
93%
Islandia
93%
Islandia
93%
Litwa
93%
Litwa
93%
Niemcy
93%
Niemcy
93%
Niemcy
93%
Niemcy
93%
Niemcy
93%
Niemcy
93%
Niemcy
93%
Niemcy
93%
Niemcy
93%
Niemcy
93%
Niemcy
93%
Norwegia
93%
Norwegia
93%
Norwegia
93%
Norwegia
93%
Norwegia
93%
Norwegia
93%
Norwegia
93%
Norwegia
93%
Norwegia
93%
Norwegia
93%
Norwegia
93%
Norwegia
93%
Norwegia
93%
Polska
93%
Polska
93%
Polska
93%
Polska
93%
Polska
93%
Polska
93%
Polska
93%
Polska
93%
Polska
93%
Polska
93%
Polska
93%
Rosja
93%
Rosja
93%
Rosja
93%
Rosja
93%
Rosja
93%
Rosja
93%
Rosja
93%
Rosja
93%
Rosja
93%
Rosja
93%
Rosja
93%
Rosja
93%
Rosja
93%
Rosja
93%
Rosja
93%
Rosja
93%
Rosja
93%
Rosja
93%
Rosja
93%
Rosja
93%
Rosja
93%
Rosja
93%
Rosja
93%
Rosja
93%
Rosja
93%
Rosja
93%
Rosja
93%
Rosja
93%
Rosja
93%
Rosja
93%
Rosja
93%
Rosja
93%
Rosja
93%
Szwecja
93%
Szwecja
93%
Szwecja
93%
Szwecja
93%
Szwecja
93%
Szwecja
93%
Szwecja
93%
Szwecja
93%
Szwecja
93%
Szwecja
93%
Szwecja
93%
Szwecja
93%
Szwecja
93%
Szwecja
93%
Szwecja
93%
Szwecja
93%
Szwecja
93%
Ukraina
93%
Ukraina
93%
Ukraina
93%
Wielka Brytania
93%
Wielka Brytania
93%
Wielka Brytania
93%
Wielka Brytania
93%
Wielka Brytania
93%
Wielka Brytania
93%
Włochy
93%
Włochy
93%
Włochy
93%
Białoruś
92%
Białoruś
92%
Dania
92%
Finlandia
92%
Finlandia
92%
Finlandia
92%
Finlandia
92%
Finlandia
92%
Finlandia
92%
Finlandia
92%
Francja
92%
Francja
92%
Francja
92%
Francja
92%
Francja
92%
Francja
92%
Francja
92%
Francja
92%
Francja
92%
Francja
92%
Hiszpania
92%
Hiszpania
92%
Hiszpania
92%
Hiszpania
92%
Hiszpania
92%
Hiszpania
92%
Hiszpania
92%
Irlandia
92%
Islandia
92%
Islandia
92%
Islandia
92%
Islandia
92%
Islandia
92%
Litwa
92%
Niemcy
92%
Niemcy
92%
Niemcy
92%
Niemcy
92%
Niemcy
92%
Niemcy
92%
Niemcy
92%
Niemcy
92%
Niemcy
92%
Niemcy
92%
Norwegia
92%
Norwegia
92%
Norwegia
92%
Norwegia
92%
Norwegia
92%
Norwegia
92%
Norwegia
92%
Norwegia
92%
Norwegia
92%
Norwegia
92%
Norwegia
92%
Polska
92%
Polska
92%
Polska
92%
Polska
92%
Rosja
92%
Rosja
92%
Rosja
92%
Rosja
92%
Rosja
92%
Rosja
92%
Rosja
92%
Rosja
92%
Rosja
92%
Rosja
92%
Rosja
92%
Rosja
92%
Rosja
92%
Rosja
92%
Rosja
92%
Rosja
92%
Rosja
92%
Rosja
92%
Rosja
92%
Rosja
92%
Rosja
92%
Rosja
92%
Rosja
92%
Rosja
92%
Rosja
92%
Rosja
92%
Rosja
92%
Rosja
92%
Rosja
92%
Rosja
92%
Rosja
92%
Rosja
92%
Szwecja
92%
Szwecja
92%
Szwecja
92%
Szwecja
92%
Szwecja
92%
Szwecja
92%
Szwecja
92%
Szwecja
92%
Szwecja
92%
Szwecja
92%
Szwecja
92%
Szwecja
92%
Szwecja
92%
Szwecja
92%
Szwecja
92%
Szwecja
92%
Ukraina
92%
Wielka Brytania
92%
Wielka Brytania
92%
Wielka Brytania
92%
Wielka Brytania
92%
Wielka Brytania
92%
Wielka Brytania
92%
Wielka Brytania
92%
Włochy
92%
Włochy
92%
Włochy
92%
Włochy
92%
Białoruś
91%
Dania
91%
Dania
91%
Dania
91%
Finlandia
91%
Finlandia
91%
Finlandia
91%
Finlandia
91%
Finlandia
91%
Finlandia
91%
Finlandia
91%
Finlandia
91%
Finlandia
91%
Finlandia
91%
Finlandia
91%
Francja
91%
Francja
91%
Francja
91%
Francja
91%
Francja
91%
Francja
91%
Francja
91%
Francja
91%
Francja
91%
Francja
91%
Francja
91%
Francja
91%
Grecja
91%
Grecja
91%
Hiszpania
91%
Hiszpania
91%
Hiszpania
91%
Hiszpania
91%
Hiszpania
91%
Hiszpania
91%
Hiszpania
91%
Hiszpania
91%
Hiszpania
91%
Hiszpania
91%
Hiszpania
91%
Hiszpania
91%
Hiszpania
91%
Irlandia
91%
Islandia
91%
Islandia
91%
Islandia
91%
Litwa
91%
Niemcy
91%
Niemcy
91%
Niemcy
91%
Niemcy
91%
Niemcy
91%
Norwegia
91%
Norwegia
91%
Norwegia
91%
Norwegia
91%
Norwegia
91%
Norwegia
91%
Norwegia
91%
Norwegia
91%
Norwegia
91%
Norwegia
91%
Norwegia
91%
Polska
91%
Polska
91%
Polska
91%
Polska
91%
Polska
91%
Portugalia
91%
Portugalia
91%
Rosja
91%
Rosja
91%
Rosja
91%
Rosja
91%
Rosja
91%
Rosja
91%
Rosja
91%
Rosja
91%
Rosja
91%
Rosja
91%
Rosja
91%
Rosja
91%
Rosja
91%
Rosja
91%
Rosja
91%
Rosja
91%
Rosja
91%
Rosja
91%
Rosja
91%
Rosja
91%
Rosja
91%
Rosja
91%
Rosja
91%
Rosja
91%
Rosja
91%
Rosja
91%
Rosja
91%
Rosja
91%
Rosja
91%
Rosja
91%
Rosja
91%
Szwecja
91%
Szwecja
91%
Szwecja
91%
Szwecja
91%
Szwecja
91%
Szwecja
91%
Szwecja
91%
Szwecja
91%
Szwecja
91%
Szwecja
91%
Ukraina
91%
Wielka Brytania
91%
Wielka Brytania
91%
Wielka Brytania
91%
Włochy
91%
Włochy
91%
Włochy
91%
Włochy
91%
Włochy
91%
Włochy
91%
Włochy
91%
Białoruś
90%
Białoruś
90%
Finlandia
90%
Finlandia
90%
Finlandia
90%
Finlandia
90%
Finlandia
90%
Finlandia
90%
Finlandia
90%
Finlandia
90%
Finlandia
90%
Finlandia
90%
Francja
90%
Francja
90%
Francja
90%
Francja
90%
Francja
90%
Francja
90%
Francja
90%
Francja
90%
Francja
90%
Francja
90%
Hiszpania
90%
Hiszpania
90%
Hiszpania
90%
Hiszpania
90%
Hiszpania
90%
Hiszpania
90%
Hiszpania
90%
Hiszpania
90%
Islandia
90%
Łotwa
90%
Niemcy
90%
Niemcy
90%
Niemcy
90%
Norwegia
90%
Norwegia
90%
Norwegia
90%
Norwegia
90%
Norwegia
90%
Norwegia
90%
Norwegia
90%
Norwegia
90%
Norwegia
90%
Norwegia
90%
Norwegia
90%
Norwegia
90%
Norwegia
90%
Norwegia
90%
Norwegia
90%
Norwegia
90%
Polska
90%
Polska
90%
Polska
90%
Polska
90%
Polska
90%
Polska
90%
Polska
90%
Polska
90%
Polska
90%
Rosja
90%
Rosja
90%
Rosja
90%
Rosja
90%
Rosja
90%
Rosja
90%
Rosja
90%
Rosja
90%
Rosja
90%
Rosja
90%
Rosja
90%
Rosja
90%
Rosja
90%
Rosja
90%
Rosja
90%
Rosja
90%
Rosja
90%
Rosja
90%
Rosja
90%
Rosja
90%
Rosja
90%
Rosja
90%
Rosja
90%
Rosja
90%
Rosja
90%
Rosja
90%
Rosja
90%
Rosja
90%
Rosja
90%
Rosja
90%
Rosja
90%
Rosja
90%
Rosja
90%
Rosja
90%
Rosja
90%
Rosja
90%
Rosja
90%
Rosja
90%
Rosja
90%
Rosja
90%
Rosja
90%
Rosja
90%
Rosja
90%
Rosja
90%
Rosja
90%
Rosja
90%
Rosja
90%
Szwecja
90%
Szwecja
90%
Szwecja
90%
Szwecja
90%
Szwecja
90%
Szwecja
90%
Szwecja
90%
Szwecja
90%
Szwecja
90%
Szwecja
90%
Szwecja
90%
Szwecja
90%
Szwecja
90%
Szwecja
90%
Wielka Brytania
90%
Wielka Brytania
90%
Wielka Brytania
90%
Wielka Brytania
90%
Wielka Brytania
90%
Wielka Brytania
90%
Włochy
90%
Włochy
90%
Włochy
90%
Włochy
90%
Włochy
90%
Włochy
90%
Włochy
90%
Belgia
89%
Białoruś
89%
Białoruś
89%
Białoruś
89%
Czechy
89%
Dania
89%
Dania
89%
Dania
89%
Estonia
89%
Finlandia
89%
Finlandia
89%
Finlandia
89%
Finlandia
89%
Finlandia
89%
Finlandia
89%
Finlandia
89%
Finlandia
89%
Finlandia
89%
Finlandia
89%
Finlandia
89%
Francja
89%
Francja
89%
Francja
89%
Francja
89%
Francja
89%
Francja
89%
Francja
89%
Francja
89%
Grecja
89%
Grecja
89%
Grecja
89%
Grecja
89%
Hiszpania
89%
Hiszpania
89%
Hiszpania
89%
Hiszpania
89%
Hiszpania
89%
Hiszpania
89%
Hiszpania
89%
Hiszpania
89%
Hiszpania
89%
Hiszpania
89%
Holandia
89%
Irlandia
89%
Irlandia
89%
Irlandia
89%
Irlandia
89%
Islandia
89%
Islandia
89%
Islandia
89%
Litwa
89%
Niemcy
89%
Niemcy
89%
Niemcy
89%
Niemcy
89%
Niemcy
89%
Niemcy
89%
Norwegia
89%
Norwegia
89%
Norwegia
89%
Norwegia
89%
Norwegia
89%
Norwegia
89%
Norwegia
89%
Norwegia
89%
Norwegia
89%
Norwegia
89%
Norwegia
89%
Norwegia
89%
Norwegia
89%
Polska
89%
Polska
89%
Polska
89%
Polska
89%
Portugalia
89%
Rosja
89%
Rosja
89%
Rosja
89%
Rosja
89%
Rosja
89%
Rosja
89%
Rosja
89%
Rosja
89%
Rosja
89%
Rosja
89%
Rosja
89%
Rosja
89%
Rosja
89%
Rosja
89%
Rosja
89%
Rosja
89%
Rosja
89%
Rosja
89%
Rosja
89%
Rosja
89%
Rosja
89%
Rosja
89%
Rosja
89%
Rosja
89%
Rosja
89%
Szwecja
89%
Szwecja
89%
Szwecja
89%
Szwecja
89%
Szwecja
89%
Szwecja
89%
Szwecja
89%
Szwecja
89%
Szwecja
89%
Szwecja
89%
Szwecja
89%
Szwecja
89%
Szwecja
89%
Szwecja
89%
Szwecja
89%
Ukraina
89%
Ukraina
89%
Wielka Brytania
89%
Wielka Brytania
89%
Wielka Brytania
89%
Wielka Brytania
89%
Wielka Brytania
89%
Wielka Brytania
89%
Wielka Brytania
89%
Włochy
89%
Belgia
88%
Belgia
88%
Białoruś
88%
Białoruś
88%
Białoruś
88%
Chorwacja
88%
Dania
88%
Dania
88%
Dania
88%
Dania
88%
Estonia
88%
Estonia
88%
Estonia
88%
Finlandia
88%
Finlandia
88%
Finlandia
88%
Finlandia
88%
Finlandia
88%
Finlandia
88%
Finlandia
88%
Finlandia
88%
Finlandia
88%
Finlandia
88%
Francja
88%
Francja
88%
Francja
88%
Francja
88%
Francja
88%
Francja
88%
Francja
88%
Francja
88%
Francja
88%
Francja
88%
Francja
88%
Francja
88%
Francja
88%
Francja
88%
Francja
88%
Grecja
88%
Grecja
88%
Grecja
88%
Grecja
88%
Grecja
88%
Hiszpania
88%
Hiszpania
88%
Hiszpania
88%
Hiszpania
88%
Hiszpania
88%
Hiszpania
88%
Hiszpania
88%
Hiszpania
88%
Hiszpania
88%
Hiszpania
88%
Hiszpania
88%
Hiszpania
88%
Holandia
88%
Holandia
88%
Irlandia
88%
Irlandia
88%
Irlandia
88%
Islandia
88%
Islandia
88%
Islandia
88%
Islandia
88%
Islandia
88%
Islandia
88%
Łotwa
88%
Niemcy
88%
Niemcy
88%
Niemcy
88%
Niemcy
88%
Niemcy
88%
Niemcy
88%
Niemcy
88%
Niemcy
88%
Niemcy
88%
Niemcy
88%
Norwegia
88%
Norwegia
88%
Norwegia
88%
Norwegia
88%
Norwegia
88%
Norwegia
88%
Norwegia
88%
Norwegia
88%
Norwegia
88%
Norwegia
88%
Norwegia
88%
Norwegia
88%
Norwegia
88%
Norwegia
88%
Norwegia
88%
Norwegia
88%
Norwegia
88%
Polska
88%
Portugalia
88%
Portugalia
88%
Rosja
88%
Rosja
88%
Rosja
88%
Rosja
88%
Rosja
88%
Rosja
88%
Rosja
88%
Rosja
88%
Rosja
88%
Rosja
88%
Rosja
88%
Rosja
88%
Rosja
88%
Rosja
88%
Rosja
88%
Rosja
88%
Rosja
88%
Rosja
88%
Rosja
88%
Rosja
88%
Rosja
88%
Rosja
88%
Rosja
88%
Rosja
88%
Rosja
88%
Rosja
88%
Rosja
88%
Rosja
88%
Rosja
88%
Rosja
88%
Rosja
88%
Rosja
88%
Rosja
88%
Rosja
88%
Rosja
88%
Rosja
88%
Rosja
88%
Rosja
88%
Rosja
88%
Rosja
88%
Rosja
88%
Rosja
88%
Rosja
88%
Rosja
88%
Rosja
88%
Rosja
88%
Rosja
88%
Rosja
88%
Rosja
88%
Rosja
88%
Rosja
88%
Rosja
88%
Rosja
88%
Rosja
88%
Rosja
88%
Rosja
88%
Rosja
88%
Rosja
88%
Słowacja
88%
Szwecja
88%
Szwecja
88%
Szwecja
88%
Szwecja
88%
Szwecja
88%
Szwecja
88%
Szwecja
88%
Szwecja
88%
Szwecja
88%
Szwecja
88%
Szwecja
88%
Szwecja
88%
Szwecja
88%
Szwecja
88%
Ukraina
88%
Ukraina
88%
Ukraina
88%
Ukraina
88%
Ukraina
88%
Ukraina
88%
Ukraina
88%
Ukraina
88%
Ukraina
88%
Ukraina
88%
Ukraina
88%
Wielka Brytania
88%
Wielka Brytania
88%
Wielka Brytania
88%
Wielka Brytania
88%
Wielka Brytania
88%
Wielka Brytania
88%
Wielka Brytania
88%
Wielka Brytania
88%
Wielka Brytania
88%
Wielka Brytania
88%
Wielka Brytania
88%
Włochy
88%
Włochy
88%
Włochy
88%
Włochy
88%
Austria
87%
Białoruś
87%
Czechy
87%
Dania
87%
Estonia
87%
Estonia
87%
Finlandia
87%
Finlandia
87%
Finlandia
87%
Finlandia
87%
Finlandia
87%
Finlandia
87%
Finlandia
87%
Finlandia
87%
Finlandia
87%
Francja
87%
Francja
87%
Francja
87%
Francja
87%
Francja
87%
Francja
87%
Grecja
87%
Grecja
87%
Grecja
87%
Grecja
87%
Hiszpania
87%
Hiszpania
87%
Hiszpania
87%
Hiszpania
87%
Hiszpania
87%
Hiszpania
87%
Hiszpania
87%
Hiszpania
87%
Irlandia
87%
Irlandia
87%
Litwa
87%
Niemcy
87%
Niemcy
87%
Niemcy
87%
Norwegia
87%
Norwegia
87%
Norwegia
87%
Norwegia
87%
Norwegia
87%
Norwegia
87%
Norwegia
87%
Norwegia
87%
Norwegia
87%
Portugalia
87%
Rosja
87%
Rosja
87%
Rosja
87%
Rosja
87%
Rosja
87%
Rosja
87%
Rosja
87%
Rosja
87%
Rosja
87%
Rosja
87%
Rosja
87%
Rosja
87%
Szwecja
87%
Szwecja
87%
Szwecja
87%
Szwecja
87%
Szwecja
87%
Szwecja
87%
Szwecja
87%
Szwecja
87%
Szwecja
87%
Ukraina
87%
Ukraina
87%
Ukraina
87%
Ukraina
87%
Wielka Brytania
87%
Wielka Brytania
87%
Wielka Brytania
87%
Wielka Brytania
87%
Wielka Brytania
87%
Włochy
87%
Włochy
87%
Włochy
87%
Białoruś
86%
Białoruś
86%
Białoruś
86%
Chorwacja
86%
Dania
86%
Finlandia
86%
Finlandia
86%
Finlandia
86%
Finlandia
86%
Francja
86%
Francja
86%
Francja
86%
Francja
86%
Francja
86%
Francja
86%
Francja
86%
Grecja
86%
Grecja
86%
Grecja
86%
Grecja
86%
Grecja
86%
Grecja
86%
Hiszpania
86%
Hiszpania
86%
Holandia
86%
Islandia
86%
Islandia
86%
Islandia
86%
Litwa
86%
Łotwa
86%
Łotwa
86%
Niemcy
86%
Niemcy
86%
Niemcy
86%
Norwegia
86%
Norwegia
86%
Norwegia
86%
Norwegia
86%
Norwegia
86%
Norwegia
86%
Norwegia
86%
Norwegia
86%
Norwegia
86%
Norwegia
86%
Portugalia
86%
Portugalia
86%
Portugalia
86%
Rosja
86%
Rosja
86%
Rosja
86%
Rosja
86%
Rosja
86%
Rosja
86%
Rosja
86%
Rosja
86%
Rosja
86%
Rosja
86%
Rosja
86%
Rosja
86%
Rosja
86%
Rosja
86%
Rosja
86%
Rosja
86%
Rosja
86%
Rosja
86%
Rosja
86%
Rosja
86%
San Marino
86%
Szwecja
86%
Szwecja
86%
Szwecja
86%
Szwecja
86%
Szwecja
86%
Ukraina
86%
Ukraina
86%
Ukraina
86%
Ukraina
86%
Ukraina
86%
Ukraina
86%
Ukraina
86%
Węgry
86%
Wielka Brytania
86%
Wielka Brytania
86%
Wielka Brytania
86%
Wielka Brytania
86%
Wielka Brytania
86%
Wielka Brytania
86%
Wielka Brytania
86%
Wielka Brytania
86%
Wielka Brytania
86%
Wielka Brytania
86%
Wielka Brytania
86%
Wielka Brytania
86%
Wielka Brytania
86%
Wielka Brytania
86%
Włochy
86%
Włochy
86%
Włochy
86%
Włochy
86%
Białoruś
85%
Białoruś
85%
Białoruś
85%
Białoruś
85%
Białoruś
85%
Białoruś
85%
Chorwacja
85%
Czechy
85%
Dania
85%
Estonia
85%
Finlandia
85%
Finlandia
85%
Finlandia
85%
Finlandia
85%
Finlandia
85%
Finlandia
85%
Finlandia
85%
Finlandia
85%
Finlandia
85%
Finlandia
85%
Francja
85%
Francja
85%
Francja
85%
Francja
85%
Francja
85%
Francja
85%
Francja
85%
Grecja
85%
Grecja
85%
Grecja
85%
Grecja
85%
Grecja
85%
Grecja
85%
Hiszpania
85%
Hiszpania
85%
Hiszpania
85%
Holandia
85%
Irlandia
85%
Islandia
85%
Łotwa
85%
Niemcy
85%
Niemcy
85%
Niemcy
85%
Norwegia
85%
Norwegia
85%
Norwegia
85%
Polska
85%
Polska
85%
Polska
85%
Portugalia
85%
Portugalia
85%
Rosja
85%
Rosja
85%
Rosja
85%
Rosja
85%
Rosja
85%
Rosja
85%
Rosja
85%
Rosja
85%
Rosja
85%
Rosja
85%
Rosja
85%
Rosja
85%
Rosja
85%
Rosja
85%
Rosja
85%
Rosja
85%
Rosja
85%
Rosja
85%
Rosja
85%
Słowenia
85%
Szwecja
85%
Szwecja
85%
Szwecja
85%
Szwecja
85%
Szwecja
85%
Szwecja
85%
Szwecja
85%
Szwecja
85%
Ukraina
85%
Ukraina
85%
Ukraina
85%
Ukraina
85%
Ukraina
85%
Ukraina
85%
Wielka Brytania
85%
Wielka Brytania
85%
Wielka Brytania
85%
Włochy
85%
Włochy
85%
Włochy
85%
Włochy
85%
Włochy
85%
Włochy
85%
Włochy
85%
Włochy
85%
Włochy
85%
Włochy
85%
Białoruś
84%
Białoruś
84%
Białoruś
84%
Białoruś
84%
Białoruś
84%
Białoruś
84%
Białoruś
84%
Czechy
84%
Czechy
84%
Czechy
84%
Dania
84%
Dania
84%
Estonia
84%
Estonia
84%
Estonia
84%
Finlandia
84%
Finlandia
84%
Finlandia
84%
Finlandia
84%
Finlandia
84%
Francja
84%
Francja
84%
Francja
84%
Francja
84%
Grecja
84%
Grecja
84%
Grecja
84%
Grecja
84%
Hiszpania
84%
Hiszpania
84%
Holandia
84%
Irlandia
84%
Islandia
84%
Litwa
84%
Łotwa
84%
Niemcy
84%
Norwegia
84%
Norwegia
84%
Norwegia
84%
Norwegia
84%
Norwegia
84%
Norwegia
84%
Polska
84%
Polska
84%
Rosja
84%
Rosja
84%
Rosja
84%
Rosja
84%
Rosja
84%
Rosja
84%
Rosja
84%
Rosja
84%
Rosja
84%
Rosja
84%
Rosja
84%
Rosja
84%
Rosja
84%
Rosja
84%
Rosja
84%
Rosja
84%
Rosja
84%
Rosja
84%
Rumunia
84%
Szwecja
84%
Szwecja
84%
Szwecja
84%
Szwecja
84%
Ukraina
84%
Ukraina
84%
Ukraina
84%
Ukraina
84%
Ukraina
84%
Wielka Brytania
84%
Wielka Brytania
84%
Wielka Brytania
84%
Wielka Brytania
84%
Włochy
84%
Włochy
84%
Włochy
84%
Włochy
84%
Włochy
84%
Włochy
84%
Białoruś
83%
Białoruś
83%
Białoruś
83%
Białoruś
83%
Białoruś
83%
Bułgaria
83%
Chorwacja
83%
Dania
83%
Dania
83%
Dania
83%
Estonia
83%
Estonia
83%
Finlandia
83%
Finlandia
83%
Finlandia
83%
Finlandia
83%
Finlandia
83%
Finlandia
83%
Finlandia
83%
Finlandia
83%
Finlandia
83%
Finlandia
83%
Francja
83%
Francja
83%
Francja
83%
Francja
83%
Grecja
83%
Grecja
83%
Grecja
83%
Grecja
83%
Hiszpania
83%
Hiszpania
83%
Hiszpania
83%
Hiszpania
83%
Hiszpania
83%
Hiszpania
83%
Hiszpania
83%
Hiszpania
83%
Irlandia
83%
Irlandia
83%
Islandia
83%
Islandia
83%
Islandia
83%
Islandia
83%
Islandia
83%
Islandia
83%
Litwa
83%
Litwa
83%
Łotwa
83%
Łotwa
83%
Łotwa
83%
Niemcy
83%
Niemcy
83%
Niemcy
83%
Niemcy
83%
Niemcy
83%
Niemcy
83%
Norwegia
83%
Norwegia
83%
Norwegia
83%
Norwegia
83%
Norwegia
83%
Polska
83%
Polska
83%
Rosja
83%
Rosja
83%
Rosja
83%
Rosja
83%
Rosja
83%
Rosja
83%
Rosja
83%
Rosja
83%
Rosja
83%
Rosja
83%
Rosja
83%
Rosja
83%
Rosja
83%
Rosja
83%
Rosja
83%
Szwecja
83%
Szwecja
83%
Szwecja
83%
Ukraina
83%
Ukraina
83%
Ukraina
83%
Ukraina
83%
Ukraina
83%
Ukraina
83%
Ukraina
83%
Ukraina
83%
Ukraina
83%
Ukraina
83%
Ukraina
83%
Ukraina
83%
Ukraina
83%
Ukraina
83%
Ukraina
83%
Ukraina
83%
Ukraina
83%
Węgry
83%
Wielka Brytania
83%
Wielka Brytania
83%
Wielka Brytania
83%
Wielka Brytania
83%
Wielka Brytania
83%
Wielka Brytania
83%
Wielka Brytania
83%
Wielka Brytania
83%
Wielka Brytania
83%
Wielka Brytania
83%
Włochy
83%
Włochy
83%
Włochy
83%
Austria
82%
Belgia
82%
Białoruś
82%
Dania
82%
Estonia
82%
Estonia
82%
Finlandia
82%
Finlandia
82%
Finlandia
82%
Finlandia
82%
Finlandia
82%
Finlandia
82%
Finlandia
82%
Francja
82%
Francja
82%
Grecja
82%
Grecja
82%
Grecja
82%
Hiszpania
82%
Hiszpania
82%
Hiszpania
82%
Hiszpania
82%
Hiszpania
82%
Hiszpania
82%
Holandia
82%
Irlandia
82%
Islandia
82%
Islandia
82%
Islandia
82%
Islandia
82%
Łotwa
82%
Niemcy
82%
Norwegia
82%
Norwegia
82%
Norwegia
82%
Portugalia
82%
Rosja
82%
Rosja
82%
Rosja
82%
Rosja
82%
Rosja
82%
Rosja
82%
Rosja
82%
Rosja
82%
Rosja
82%
Rosja
82%
Rosja
82%
Rosja
82%
Rumunia
82%
Rumunia
82%
Serbia
82%
Szwecja
82%
Szwecja
82%
Ukraina
82%
Ukraina
82%
Ukraina
82%
Węgry
82%
Wielka Brytania
82%
Wielka Brytania
82%
Wielka Brytania
82%
Wielka Brytania
82%
Włochy
82%
Włochy
82%
Włochy
82%
Białoruś
81%
Chorwacja
81%
Czechy
81%
Estonia
81%
Estonia
81%
Estonia
81%
Finlandia
81%
Finlandia
81%
Finlandia
81%
Finlandia
81%
Finlandia
81%
Finlandia
81%
Finlandia
81%
Finlandia
81%
Finlandia
81%
Finlandia
81%
Finlandia
81%
Finlandia
81%
Francja
81%
Francja
81%
Francja
81%
Francja
81%
Grecja
81%
Grecja
81%
Grecja
81%
Hiszpania
81%
Hiszpania
81%
Hiszpania
81%
Holandia
81%
Holandia
81%
Islandia
81%
Litwa
81%
Łotwa
81%
Niemcy
81%
Niemcy
81%
Niemcy
81%
Norwegia
81%
Norwegia
81%
Norwegia
81%
Portugalia
81%
Rosja
81%
Rosja
81%
Rosja
81%
Rosja
81%
Rosja
81%
Rosja
81%
Rosja
81%
Rosja
81%
Rosja
81%
Szwecja
81%
Szwecja
81%
Ukraina
81%
Ukraina
81%
Ukraina
81%
Ukraina
81%
Ukraina
81%
Ukraina
81%
Ukraina
81%
Ukraina
81%
Węgry
81%
Wielka Brytania
81%
Wielka Brytania
81%
Wielka Brytania
81%
Wielka Brytania
81%
Włochy
81%
Włochy
81%
Włochy
81%
Włochy
81%
Włochy
81%
Włochy
81%
Włochy
81%
Włochy
81%
Białoruś
80%
Białoruś
80%
Białoruś
80%
Dania
80%
Finlandia
80%
Finlandia
80%
Finlandia
80%
Finlandia
80%
Finlandia
80%
Francja
80%
Francja
80%
Francja
80%
Grecja
80%
Hiszpania
80%
Hiszpania
80%
Hiszpania
80%
Hiszpania
80%
Hiszpania
80%
Irlandia
80%
Irlandia
80%
Islandia
80%
Islandia
80%
Litwa
80%
Litwa
80%
Łotwa
80%
Niemcy
80%
Niemcy
80%
Niemcy
80%
Norwegia
80%
Portugalia
80%
Portugalia
80%
Portugalia
80%
Rosja
80%
Rosja
80%
Rosja
80%
Rosja
80%
Rosja
80%
Rosja
80%
Rumunia
80%
Słowacja
80%
Szwajcaria
80%
Szwecja
80%
Szwecja
80%
Szwecja
80%
Ukraina
80%
Ukraina
80%
Ukraina
80%
Ukraina
80%
Ukraina
80%
Ukraina
80%
Wielka Brytania
80%
Wielka Brytania
80%
Wielka Brytania
80%
Wielka Brytania
80%
Włochy
80%
Włochy
80%
Włochy
80%
Austria
79%
Białoruś
79%
Białoruś
79%
Czechy
79%
Czechy
79%
Dania
79%
Estonia
79%
Finlandia
79%
Finlandia
79%
Finlandia
79%
Finlandia
79%
Francja
79%
Francja
79%
Francja
79%
Francja
79%
Francja
79%
Francja
79%
Francja
79%
Grecja
79%
Grecja
79%
Grecja
79%
Hiszpania
79%
Hiszpania
79%
Holandia
79%
Irlandia
79%
Irlandia
79%
Islandia
79%
Litwa
79%
Łotwa
79%
Niemcy
79%
Niemcy
79%
Norwegia
79%
Norwegia
79%
Norwegia
79%
Norwegia
79%
Portugalia
79%
Portugalia
79%
Portugalia
79%
Portugalia
79%
Rosja
79%
Rosja
79%
Rosja
79%
Rosja
79%
Rosja
79%
Rumunia
79%
Rumunia
79%
Szwajcaria
79%
Szwecja
79%
Ukraina
79%
Ukraina
79%
Ukraina
79%
Ukraina
79%
Ukraina
79%
Ukraina
79%
Ukraina
79%
Wielka Brytania
79%
Włochy
79%
Albania
78%
Białoruś
78%
Białoruś
78%
Białoruś
78%
Bułgaria
78%
Bułgaria
78%
Chorwacja
78%
Czechy
78%
Dania
78%
Dania
78%
Estonia
78%
Estonia
78%
Estonia
78%
Finlandia
78%
Finlandia
78%
Finlandia
78%
Francja
78%
Francja
78%
Francja
78%
Francja
78%
Grecja
78%
Grecja
78%
Hiszpania
78%
Hiszpania
78%
Hiszpania
78%
Irlandia
78%
Islandia
78%
Litwa
78%
Litwa
78%
Łotwa
78%
Niemcy
78%
Niemcy
78%
Norwegia
78%
Portugalia
78%
Rosja
78%
Rosja
78%
Rosja
78%
Rumunia
78%
Słowacja
78%
Szwecja
78%
Szwecja
78%
Ukraina
78%
Ukraina
78%
Ukraina
78%
Ukraina
78%
Ukraina
78%
Ukraina
78%
Ukraina
78%
Ukraina
78%
Ukraina
78%
Ukraina
78%
Wielka Brytania
78%
Włochy
78%
Albania
77%
Belgia
77%
Belgia
77%
Białoruś
77%
Białoruś
77%
Bułgaria
77%
Czechy
77%
Estonia
77%
Finlandia
77%
Finlandia
77%
Finlandia
77%
Finlandia
77%
Francja
77%
Grecja
77%
Hiszpania
77%
Hiszpania
77%
Holandia
77%
Holandia
77%
Islandia
77%
Litwa
77%
Litwa
77%
Niemcy
77%
Niemcy
77%
Niemcy
77%
Norwegia
77%
Norwegia
77%
Norwegia
77%
Norwegia
77%
Norwegia
77%
Portugalia
77%
Portugalia
77%
Rosja
77%
Rosja
77%
Rosja
77%
Słowenia
77%
Szwajcaria
77%
Ukraina
77%
Ukraina
77%
Ukraina
77%
Ukraina
77%
Ukraina
77%
Ukraina
77%
Ukraina
77%
Ukraina
77%
Ukraina
77%
Ukraina
77%
Ukraina
77%
Wielka Brytania
77%
Wielka Brytania
77%
Wielka Brytania
77%
Włochy
77%
Włochy
77%
Włochy
77%
Włochy
77%
Austria
76%
Białoruś
76%
Białoruś
76%
Białoruś
76%
Białoruś
76%
Białoruś
76%
Białoruś
76%
Bośnia i Hercegowina
76%
Chorwacja
76%
Czechy
76%
Estonia
76%
Finlandia
76%
Finlandia
76%
Finlandia
76%
Finlandia
76%
Finlandia
76%
Finlandia
76%
Francja
76%
Francja
76%
Grecja
76%
Grecja
76%
Grecja
76%
Grecja
76%
Hiszpania
76%
Hiszpania
76%
Hiszpania
76%
Holandia
76%
Irlandia
76%
Islandia
76%
Islandia
76%
Łotwa
76%
Łotwa
76%
Niemcy
76%
Niemcy
76%
Portugalia
76%
Rosja
76%
Rosja
76%
Rosja
76%
Rumunia
76%
Rumunia
76%
Słowacja
76%
Szwajcaria
76%
Szwecja
76%
Ukraina
76%
Ukraina
76%
Ukraina
76%
Ukraina
76%
Węgry
76%
Wielka Brytania
76%
Wielka Brytania
76%
Włochy
76%
Włochy
76%
Włochy
76%
Włochy
76%
Włochy
76%
Albania
75%
Austria
75%
Austria
75%
Belgia
75%
Białoruś
75%
Białoruś
75%
Czechy
75%
Estonia
75%
Finlandia
75%
Finlandia
75%
Finlandia
75%
Francja
75%
Grecja
75%
Grecja
75%
Grecja
75%
Hiszpania
75%
Holandia
75%
Holandia
75%
Irlandia
75%
Litwa
75%
Łotwa
75%
Mołdawia
75%
Monako
75%
Niemcy
75%
Rosja
75%
Rumunia
75%
Rumunia
75%
Szwajcaria
75%
Szwajcaria
75%
Ukraina
75%
Ukraina
75%
Ukraina
75%
Ukraina
75%
Ukraina
75%
Ukraina
75%
Ukraina
75%
Ukraina
75%
Ukraina
75%
Ukraina
75%
Włochy
75%
Włochy
75%
Włochy
75%
Włochy
75%
Włochy
75%
Austria
74%
Austria
74%
Belgia
74%
Białoruś
74%
Białoruś
74%
Białoruś
74%
Białoruś
74%
Bułgaria
74%
Chorwacja
74%
Chorwacja
74%
Chorwacja
74%
Francja
74%
Francja
74%
Grecja
74%
Hiszpania
74%
Hiszpania
74%
Łotwa
74%
Niemcy
74%
Norwegia
74%
Rosja
74%
Rosja
74%
Rumunia
74%
Rumunia
74%
Rumunia
74%
Rumunia
74%
Rumunia
74%
Rumunia
74%
Słowacja
74%
Słowenia
74%
Ukraina
74%
Ukraina
74%
Ukraina
74%
Ukraina
74%
Ukraina
74%
Ukraina
74%
Watykan
74%
Węgry
74%
Węgry
74%
Włochy
74%
Austria
73%
Austria
73%
Belgia
73%
Białoruś
73%
Białoruś
73%
Białoruś
73%
Białoruś
73%
Bułgaria
73%
Chorwacja
73%
Francja
73%
Grecja
73%
Grecja
73%
Grecja
73%
Holandia
73%
Litwa
73%
Łotwa
73%
Niemcy
73%
Norwegia
73%
Portugalia
73%
Rumunia
73%
Rumunia
73%
Serbia
73%
Serbia
73%
Słowacja
73%
Ukraina
73%
Ukraina
73%
Ukraina
73%
Ukraina
73%
Węgry
73%
Wielka Brytania
73%
Wielka Brytania
73%
Białoruś
72%
Białoruś
72%
Chorwacja
72%
Czechy
72%
Estonia
72%
Francja
72%
Grecja
72%
Grecja
72%
Grecja
72%
Litwa
72%
Litwa
72%
Łotwa
72%
Portugalia
72%
Rumunia
72%
Rumunia
72%
Rumunia
72%
Rumunia
72%
Słowenia
72%
Szwajcaria
72%
Szwajcaria
72%
Ukraina
72%
Ukraina
72%
Ukraina
72%
Ukraina
72%
Ukraina
72%
Ukraina
72%
Ukraina
72%
Ukraina
72%
Ukraina
72%
Ukraina
72%
Białoruś
71%
Białoruś
71%
Bułgaria
71%
Bułgaria
71%
Chorwacja
71%
Chorwacja
71%
Dania
71%
Estonia
71%
Finlandia
71%
Finlandia
71%
Francja
71%
Grecja
71%
Grecja
71%
Hiszpania
71%
Litwa
71%
Łotwa
71%
Łotwa
71%
Łotwa
71%
Mołdawia
71%
Mołdawia
71%
Polska
71%
Rumunia
71%
Serbia
71%
Serbia
71%
Słowacja
71%
Szwajcaria
71%
Szwajcaria
71%
Szwecja
71%
Ukraina
71%
Ukraina
71%
Ukraina
71%
Ukraina
71%
Ukraina
71%
Ukraina
71%
Ukraina
71%
Ukraina
71%
Ukraina
71%
Włochy
71%
Włochy
71%
Austria
70%
Austria
70%
Białoruś
70%
Bośnia i Hercegowina
70%
Bułgaria
70%
Chorwacja
70%
Czechy
70%
Czechy
70%
Czechy
70%
Czechy
70%
Hiszpania
70%
Holandia
70%
Malta
70%
Portugalia
70%
Rumunia
70%
Rumunia
70%
Słowacja
70%
Słowenia
70%
Ukraina
70%
Ukraina
70%
Węgry
70%
Węgry
70%
Wielka Brytania
70%
Austria
69%
Belgia
69%
Bośnia i Hercegowina
69%
Chorwacja
69%
Czechy
69%
Grecja
69%
Hiszpania
69%
Islandia
69%
Litwa
69%
Łotwa
69%
Łotwa
69%
Niemcy
69%
Rumunia
69%
Rumunia
69%
Rumunia
69%
Szwajcaria
69%
Szwajcaria
69%
Ukraina
69%
Ukraina
69%
Ukraina
69%
Albania
68%
Albania
68%
Austria
68%
Czechy
68%
Finlandia
68%
Finlandia
68%
Grecja
68%
Litwa
68%
Łotwa
68%
Łotwa
68%
Luksemburg
68%
Macedonia Północna
68%
Niemcy
68%
Rumunia
68%
Rumunia
68%
Rumunia
68%
Serbia
68%
Słowacja
68%
Słowacja
68%
Ukraina
68%
Ukraina
68%
Ukraina
68%
Ukraina
68%
Węgry
68%
Węgry
68%
Węgry
68%
Wielka Brytania
68%
Albania
67%
Albania
67%
Austria
67%
Białoruś
67%
Białoruś
67%
Białoruś
67%
Bułgaria
67%
Bułgaria
67%
Bułgaria
67%
Chorwacja
67%
Czechy
67%
Czechy
67%
Estonia
67%
Grecja
67%
Hiszpania
67%
Islandia
67%
Niemcy
67%
Portugalia
67%
Rumunia
67%
Rumunia
67%
Słowenia
67%
Szwajcaria
67%
Ukraina
67%
Ukraina
67%
Ukraina
67%
Ukraina
67%
Ukraina
67%
Węgry
67%
Austria
66%
Białoruś
66%
Bułgaria
66%
Chorwacja
66%
Czechy
66%
Grecja
66%
Grecja
66%
Grecja
66%
Rumunia
66%
Ukraina
66%
Austria
65%
Belgia
65%
Belgia
65%
Bułgaria
65%
Bułgaria
65%
Bułgaria
65%
Bułgaria
65%
Chorwacja
65%
Chorwacja
65%
Islandia
65%
Mołdawia
65%
Niemcy
65%
Rumunia
65%
Rumunia
65%
Rumunia
65%
Rumunia
65%
Rumunia
65%
Słowacja
65%
Słowenia
65%
Szwajcaria
65%
Ukraina
65%
Ukraina
65%
Ukraina
65%
Ukraina
65%
Austria
64%
Austria
64%
Białoruś
64%
Bośnia i Hercegowina
64%
Bułgaria
64%
Chorwacja
64%
Czechy
64%
Finlandia
64%
Mołdawia
64%
Rumunia
64%
Rumunia
64%
Rumunia
64%
Rumunia
64%
Serbia
64%
Słowacja
64%
Słowenia
64%
Ukraina
64%
Ukraina
64%
Andora
63%
Austria
63%
Bośnia i Hercegowina
63%
Bośnia i Hercegowina
63%
Bułgaria
63%
Bułgaria
63%
Chorwacja
63%
Chorwacja
63%
Grecja
63%
Grecja
63%
Mołdawia
63%
Niemcy
63%
Rumunia
63%
Rumunia
63%
Rumunia
63%
Rumunia
63%
Rumunia
63%
Serbia
63%
Turcja
63%
Ukraina
63%
Ukraina
63%
Ukraina
63%
Albania
62%
Austria
62%
Białoruś
62%
Bośnia i Hercegowina
62%
Bośnia i Hercegowina
62%
Bułgaria
62%
Bułgaria
62%
Chorwacja
62%
Dania
62%
Grecja
62%
Holandia
62%
Mołdawia
62%
Rumunia
62%
Rumunia
62%
Rumunia
62%
Szwajcaria
62%
Turcja
62%
Ukraina
62%
Ukraina
62%
Węgry
62%
Węgry
62%
Węgry
62%
Albania
61%
Austria
61%
Austria
61%
Austria
61%
Austria
61%
Dania
61%
Grecja
61%
Litwa
61%
Rumunia
61%
Rumunia
61%
Serbia
61%
Szwajcaria
61%
Turcja
61%
Ukraina
61%
Węgry
61%
Belgia
60%
Bułgaria
60%
Bułgaria
60%
Rumunia
60%
Serbia
60%
Ukraina
60%
Węgry
60%
Węgry
60%
Chorwacja
59%
Czechy
59%
Czechy
59%
Macedonia Północna
59%
Rumunia
59%
Rumunia
59%
Rumunia
59%
Serbia
59%
Słowenia
59%
Ukraina
59%
Węgry
59%
Bośnia i Hercegowina
58%
Łotwa
58%
Macedonia Północna
58%
Mołdawia
58%
Serbia
58%
Serbia
58%
Ukraina
58%
Ukraina
58%
Węgry
58%
Austria
57%
Austria
57%
Chorwacja
57%
Czechy
57%
Grecja
57%
Łotwa
57%
Macedonia Północna
57%
Mołdawia
57%
Rumunia
57%
Serbia
57%
Węgry
57%
Węgry
57%
Bośnia i Hercegowina
56%
Bośnia i Hercegowina
56%
Bośnia i Hercegowina
56%
Chorwacja
56%
Chorwacja
56%
Mołdawia
56%
Rumunia
56%
Serbia
56%
Turcja
56%
Austria
55%
Austria
55%
Chorwacja
55%
Rumunia
55%
Rumunia
55%
Słowacja
55%
Słowacja
55%
Szwajcaria
55%
Turcja
55%
Ukraina
55%
Albania
54%
Austria
54%
Macedonia Północna
54%
Rumunia
54%
Rumunia
54%
Serbia
54%
Serbia
54%
Bośnia i Hercegowina
53%
Macedonia Północna
53%
Niemcy
53%
Serbia
53%
Turcja
53%
Holandia
52%
Kosowo
52%
Macedonia Północna
52%
Mołdawia
52%
Mołdawia
52%
Rumunia
52%
Rumunia
52%
Rumunia
52%
Turcja
52%
Węgry
52%
Węgry
52%
Bośnia i Hercegowina
50%
Chorwacja
50%
Grecja
50%
Kosowo
50%
Luksemburg
50%
Luksemburg
50%
Mołdawia
50%
Rumunia
50%
Serbia
50%
Serbia
50%
Słowacja
50%
Słowenia
50%
Szwajcaria
50%
Węgry
50%
Węgry
50%
Albania
48%
Albania
48%
Austria
48%
Austria
48%
Bułgaria
48%
Bułgaria
48%
Bułgaria
48%
Macedonia Północna
48%
Mołdawia
48%
Serbia
48%
Węgry
48%
Bośnia i Hercegowina
47%
Bułgaria
47%
Bułgaria
47%
Bułgaria
47%
Czarnogóra
47%
Czarnogóra
47%
Serbia
47%
Mołdawia
46%
Węgry
46%
Bułgaria
45%
Rumunia
45%
Bośnia i Hercegowina
44%
Dania
44%
Mołdawia
44%
Serbia
44%
Węgry
44%
Austria
43%
Kosowo
43%
Rumunia
43%
Turcja
43%
Macedonia Północna
42%
Mołdawia
42%
Rumunia
42%
Serbia
42%
Turcja
42%
Turcja
42%
Węgry
42%
Bośnia i Hercegowina
41%
Bułgaria
41%
Bułgaria
41%
Rumunia
41%
Austria
40%
Bośnia i Hercegowina
40%
Bułgaria
40%
Bułgaria
39%
Czarnogóra
39%
Bułgaria
38%
Kosowo
38%
Kosowo
38%
Rumunia
38%
Słowacja
38%
Słowacja
38%
Szwajcaria
38%
Turcja
36%
Serbia
35%
Słowacja
35%
Turcja
35%
Czarnogóra
33%
Czarnogóra
32%
Liechtenstein
32%
Rumunia
32%
Bośnia i Hercegowina
27%
Czarnogóra
22%
Czarnogóra
21%

Rozkład punktacji

Percentyl według liczby udzielonych odpowiedzi

Procent ludzi z każdym wynikiem

Twoja historia wyników

Nie rozwiązałeś tego quizu